Ποινικό δίκαιο : διάγραμμα γενικού μέρους
Αποθηκεύτηκε σε:
| Κύριος συγγραφέας: | |
|---|---|
| Μορφή: | Βιβλίο |
| Γλώσσα: | Greek |
| Δημοσίευση: |
Αθήνα :
Παπαζήσης,
1979.
|
| Θέματα: | |
| Ετικέτες: |
Προσθήκη ετικέτας
Δεν υπάρχουν, Καταχωρήστε ετικέτα πρώτοι!
|
MARC
| LEADER | 00000cam a2200000 i 4500 | ||
|---|---|---|---|
| 001 | 1/41221 | ||
| 008 | 070214s1979 gr | ||| |||| ||gre|| | ||
| 035 | |l 10087027 | ||
| 040 | |a GR-MY-UA |b gre |e aacr | ||
| 041 | 0 | |a gre | |
| 082 | 7 | |a 345.495 |2 (22) | |
| 100 | 1 | |a Μαγκάκης, Γεώργιος-Αλέξανδρος, |d 1922-2011. | |
| 245 | 1 | 0 | |a Ποινικό δίκαιο : |b διάγραμμα γενικού μέρους / |c Γ. Α. Μαγκάκης. |
| 260 | |a Αθήνα : |b Παπαζήσης, |c 1979. | ||
| 300 | |a 2 τ. ; |c 24 εκ. | ||
| 504 | |a Περιλαμβάνει ευρετήριο στον 2ο τόμο. | ||
| 650 | 0 | 0 | |a Criminal law |z Greece. |
| 650 | 0 | 0 | |a Crime. |
| 852 | |a INST |b CHIOS |e 20170718 |h 345.495 ΜΑΓ |p 005200029111 |q 005200029111 |t BK |v τομ.1: |y 10 | ||
| 852 | |a INST |b CHIOS |e 20170718 |h 345.495 ΜΑΓ |p 005200029112 |q 005200029112 |t BK |v τομ.2: |y 0 | ||
| 853 | |a INST |b CHIOS |h 345.495 ΜΑΓ | ||
| 901 | |a BIBL2-2007-1 | ||
| 909 | |a Χ |b 130870 | ||
| 909 | |a Χ |b 130871 | ||
| 970 | |a ΒΑΣΙΛΑΚΗ |b ΝΙΚΗ |z 2007/02/14 | ||